FIFA World Cup 2006: Quarterfinal Germany vs Argentina - Statistics

General Stats
  • This quiz has been taken 69 times
  • The average score is 17 of 30
Answer Stats
# Team Player % Correct
1 Arsenal FC GK Jens Lehmann
80%
11 Werder Bremen FW / 1 goal / out 85' Miroslav Klose
80%
9 Chelsea FC FW / out 79' Hernán Crespo
79%
10 Villarreal CF MF / out 72' Román Riquelme
75%
20 1. FC Köln FW Lukas Podolski
74%
13 Bayern München MF Michael Ballack
74%
7 Bayern München MF / out 74' Bastian Schweinsteiger
69%
11 SC Corinthians FW Carlos Tévez
69%
6 Manchester United DF Gabriel Heinze
69%
16 Bayern München DF Philipp Lahm
67%
2 Valencia CF DF / 1 goal Roberto Ayala
67%
5 Inter Milan MF / in 72' Esteban Cambiasso
64%
18 Atlético Madrid MF Maxi Rodríguez
64%
8 SC Corinthians MF Javier Mascherano
62%
8 Werder Bremen MF Torsten Frings
62%
Coach Jürgen Klinsmann
59%
17 Hannover 96 DF Per Mertesacker
56%
10 Borussia Mönchengladbach FW / in 85' Oliver Neuville
51%
3 Villarreal CF DF Juan Sorín
49%
19 Bayer Leverkusen MF / out 62' Bernd Schneider
48%
3 Hertha BSC DF Arne Friedrich
46%
1 Boca Juniors GK / out 71' Roberto Abbondanzieri
46%
21 Borussia Dortmund DF Christoph Metzelder
43%
20 Inter Milan FW / in 79' Julio Cruz
43%
22 Borussia Dortmund FW / in 62' David Odonkor
38%
Coach José Pekerman
38%
22 FC Porto MF Lucho González
31%
12 Atlético Madrid GK / in 71' Leo Franco
30%
4 Deportivo La Coruña DF Fabricio Coloccini
23%
18 Werder Bremen MF / in 74' Tim Borowski
15%
No matching quizzes found
Score Distribution
Percent of People with Each Score
Percentile by Number Answered
Your Score History
You have not taken this quiz